El blog como instrumento de mejora para la autorregulación del aprendizaje del estudiante universitario (Record no. 201863)
[ view plain ]
| 000 -CABECERA | |
|---|---|
| campo de control de longitud fija | 02225cab a2200325 a 4500 |
| 005 - FECHA Y HORA DE LA ÚLTIMA TRANSACCIÓN | |
| campo de control | 20250924063924.0 |
| 008 - ELEMENTOS DE LONGITUD FIJA--INFORMACIÓN GENERAL | |
| campo de control de longitud fija | 991125c2018 cl ar p o 000 0 spa d |
| 035 ## - NÚMERO DE CONTROL DEL SISTEMA | |
| Número de control de sistema | UPN01000229768 |
| 040 ## - FUENTE DE LA CATALOGACIÓN | |
| Centro catalogador/agencia de origen | MX-MxUPN |
| Lengua de catalogación | spa |
| Centro/agencia transcriptor | MX-MxUPN |
| Normas de descripción | aacr2 |
| 049 ## - COLECCIÓN | |
| Colección | ART-E |
| 100 1# - ASIENTO PRINCIPAL--NOMBRE PERSONAL | |
| Nombre de persona | Delgado, Vanesa |
| Enlace | - vdelgado@ubu.es |
| 100 1# - ASIENTO PRINCIPAL--NOMBRE PERSONAL | |
| Nombre de persona | Hortigüela, David |
| 100 1# - ASIENTO PRINCIPAL--NOMBRE PERSONAL | |
| Nombre de persona | Ausín, Vanesa |
| 100 1# - ASIENTO PRINCIPAL--NOMBRE PERSONAL | |
| Nombre de persona | Abella, Víctor |
| 245 13 - MENCIÓN DE TÍTULO | |
| Título | El blog como instrumento de mejora para la autorregulación del aprendizaje del estudiante universitario |
| Medio | [recurso electrónico en línea] |
| 506 0# - NOTA DE RESTRICCIONES AL ACCESO | |
| Limitaciones de acceso | Acceso abierto |
| 520 3# - NOTA DE RESUMEN, ETC. | |
| Sumario, etc. | La autorregulación en el aprendizaje se concibe como un factor determinante en el rendimiento académico en los estudiantes universitarios. Al respecto, el uso de las TIC y la evaluación formativa puede contribuir a su correcto desarrollo. En este estudio se presenta una experiencia realizada con estudiantes del Grado de Maestro en Educación Infantil (n= 63) quienes, a través de la utilización del blog como instrumento de autorregulación del aprendizaje favorecieron el desarrollo del pensamiento reflexivo. Para realizar el seguimiento y evaluación de los alumnos se utilizó una rúbrica, diseñada y validada a través de un juicio de expertos. Tras finalizar la experiencia, se administró a los estudiantes participantes parte del instrumento A-SRL-S, con objeto de medir la autorregulación en el aprendizaje. La calificación media obtenida es de notable. Por otro lado, no existen grandes diferencias entre los factores analizados en el A-SRL-S, destacando el grado de acuerdo con relación a la evaluación externa con objeto de mejora. |
| 650 #4 - ASIENTO SECUNDARIO DE MATERIA - TERMINO TEMATICO | |
| Término de materia o nombre geográfico como elemento de entrada | Tecnologías de la información y comunicación |
| 9 (RLIN) | 21219 |
| 650 #4 - ASIENTO SECUNDARIO DE MATERIA - TERMINO TEMATICO | |
| Término de materia o nombre geográfico como elemento de entrada | Aprendizaje |
| 9 (RLIN) | 2861 |
| 650 #2 - ASIENTO SECUNDARIO DE MATERIA - TERMINO TEMATICO | |
| 9 (RLIN) | 22185 |
| Término de materia o nombre geográfico como elemento de entrada | Blogs |
| 650 #2 - ASIENTO SECUNDARIO DE MATERIA - TERMINO TEMATICO | |
| 9 (RLIN) | 25220 |
| Término de materia o nombre geográfico como elemento de entrada | Evaluación formativa |
| 650 #0 - ASIENTO SECUNDARIO DE MATERIA - TERMINO TEMATICO | |
| 9 (RLIN) | 9298 |
| Término de materia o nombre geográfico como elemento de entrada | Estudiantes universitarios |
| 653 0# - TERMINO DE INDIZACION - NO CONTROLADO | |
| Término no controlado | Autoregulación |
| 653 0# - TERMINO DE INDIZACION - NO CONTROLADO | |
| Término no controlado | Pensamiento reflexivo |
| 773 ## - ENLACE AL DOCUMENTO FUENTE/ENTRADA DE REGISTRO ANFITRIÓN | |
| Parte(s) relacionada(s) | Vol. 44, no. 2 (2018), p. 171-184 |
| Título | Estudios pedagógicos |
| Número Internacional Normalizado para Publicaciones Seriadas | 0718-0705 |
| 856 40 - LOCALIZACIÓN Y ACCESO ELECTRÓNICOS | |
| Identificador Uniforme del Recurso | <a href="https://scielo.conicyt.cl/pdf/estped/v44n2/0718-0705-estped-44-02-00171.pdf">https://scielo.conicyt.cl/pdf/estped/v44n2/0718-0705-estped-44-02-00171.pdf</a> |
| 902 ## - ELEMENTOS DE DATOS B LOCAL, LDB (RLIN) | |
| Creó | Gloria Jiménez |
| Modificó | Gloria Jiménez/280323 |
| 905 ## - TIPO DE MATERIAL | |
| Tipo de material | Articulo |
| 942 ## - ELEMENTOS DE PUNTO DE ACCESO ADICIONAL (KOHA) | |
| Tipo de ítem Koha | Artículo Electrónico |
| Estado de retiro | Estado de pérdida | Estado dañado | No para préstamo | Código de colección | Localización permanente | Ubicación/localización actual | Ubicación en estantería | Fecha de adquisición | Total de préstamos | Fecha visto por última vez | Identificador Uniforme del Recurso | Precio válido a partir de | Tipo de ítem Koha |
|---|---|---|---|---|---|---|---|---|---|---|---|---|---|
| Acceso abierto | Bib. Gregorio Torres Quintero | Bib. Gregorio Torres Quintero | En línea | 28/03/2023 | 28/03/2023 | https://scielo.conicyt.cl/pdf/estped/v44n2/0718-0705-estped-44-02-00171.pdf | 28/03/2023 | Artículo Electrónico |
